000 05786cam a22019574i 4500
003 PE-LiUPU
005 20250813165410.0
008 170206s2016 sp a rb 001 0 spa d
020 _a8416353867
020 _a9788416353866
035 _a(Sirsi) a166747
040 _aPE-LiUPU
_bspa
_cPE-LiUPU
_erda
041 1 _aspa
_heng
049 _aPRUA
082 0 4 _a617.14
_bC9
_220
245 0 0 _aCuidado y atención de heridas /
_ceditor Patricia A. Slachta ; traducción Félix García Roig.
250 _a3a edición.
264 1 _aBarcelona :
_bWolters Kluwer,
_c2016.
300 _aviii, 279 páginas :
_bilustraciones ;
_c23 centimetros.
336 _atext
_2rdacontent
337 _aunmediated
_2rdamedia
338 _avolume
_2rdacarrier
490 0 _aEnfermería fácil
504 _aBibliografía al final de cada capítulo.
504 _aÍndice: páginas 272-279.
505 0 _aFundamentos del cuidado de las heridas -- Valoración y vigilancia de las heridas -- Procedimientos básicos del cuidado de las heridas -- Heridas agudas -- Úlceras vasculares -- Úlceras por presión -- Úlceras del pie en el paciente con diabetes -- Heridas crónicas -- Productos para las heridas -- Modalidades terapéuticas -- Asuntos legales y de reembolsos -- Herramienta de valoración de las heridas de Bates-Jensen -- Algoritmo para el tratamiento de las úlceras por presión: guías de nutrición -- Algoritmo para el tratamiento de úlceras por presión -- Escala de cicatrización de las úlceras por presión (PUSH) -- Guía rápida para los apósitos en el cuidado de las heridas.
526 _aP203
526 _aP200
526 _aSEG65
526 _aSEG64
526 _aSEG63
526 _aSEG62
526 _aSEG61
526 _aSEG60
526 _aSEG59
526 _aSEG58
526 _aSEG57
526 _aSEG56
526 _aSEG55
526 _aSEG54
526 _aSEG53
526 _aSEG52
526 _aSEG51
526 _aSEG50
526 _aSEG49
526 _aSEG48
526 _aSEG47
526 _aSEG46
526 _aSEG24
526 _aSEG23
526 _aSEG22
526 _aSEG21
526 _aSEG20
526 _aSEG19
526 _aSEG18
526 _aSEG17
526 _aSEG16
526 _aSEG14
526 _aSEG13
526 _aSEG12
526 _aSEG11
526 _aSEG10
526 _aSEG09
526 _aSEG06
526 _aSEG05
526 _aSEG04
526 _aSEG03
526 _aSEG02
526 _aSEG68
526 _aSEG66
526 _aSEG45
526 _aSEG25
526 _aSEG01
526 _aP163
526 _aP162
526 _aP161
526 _aP160
526 _aP159
526 _aP158
526 _aP157
526 _aP156
526 _aP155
526 _aP154
526 _aP153
526 _aP152
526 _aP151
526 _aP150
526 _aP149
526 _aP142
526 _aP141
526 _aP140
526 _aP139
526 _aP138
526 _aP137
526 _aP132
526 _aP131
526 _aP130
526 _aP126
526 _aP125
526 _aP124
526 _aP123
526 _aP115
526 _aP122
526 _aP121
526 _aP116
526 _a P114
526 _aP112
526 _aP111
526 _aP104
526 _aP103
526 _aP102
526 _aP101
526 _aP100
526 _aP96
526 _aP95
526 _aP93
526 _aP92
526 _aP91
526 _aP88
526 _aP83
526 _aP82
526 _aP79
526 _aP78
526 _aP75
526 _aP74
526 _aP71
526 _aP69
526 _a P51
526 _aP49
526 _aP48
526 _aP47
526 _aP33
526 _aP31
526 _a P30
526 _aP29
526 _aP27
526 _aP26
526 _aP25
526 _aP24
526 _a P22
526 _aP10
526 _aP09
526 _a P08
526 _aP06
526 _aP05
526 _aP04
526 _aP01
534 _pTítulo original :
_tWound care made incredibly easy!.
541 _Efermería;
_g001-000526;
541 _g002-00000098;
650 0 4 _aHeridas y lesiones
_xCuidado y tratamiento.
650 0 4 _aEnfermería
_xManuales, guías, etc.
650 0 7 _aHeridas y lesiones
_xenfermería
_2embne.
650 0 7 _aTécnicas de enfermería
_2embne.
700 1 _aSlachta, Patricia A.,
_eeditor.
700 1 _aGarcía Roig, Félix,
_etraductor.
910 _ajck
_bjvq
_cjck
_d2017026
910 _adbm
_bcsm
_ccsm
_d20180705
942 _2ddc
_cBOOK
949 _a617.14 C9
_wDEWEY
_c1
_i75630
_lCATALOGING
_mBUL
_p58.00
_r0
_sY
_tBOOK
_u2017-02-6
_x.FSALUD
_PP22
_0COMPRA
_o.CIRCNOTE. El documento es de alto precio.
_o.STAFF. Colección Ciencias de la Salud
949 _a617.14 C9
_wDEWEY
_c1
_i75631
_lCATALOGING
_mBUL
_p58.00
_r0
_sY
_tBOOK
_u2017-02-6
_x.FSALUD
_PP22
_0COMPRA
_o.CIRCNOTE. El documento es de alto precio.
_o.STAFF. Colección Ciencias de la Salud
596 _a1
999 _a617.14 C9
_wLC
_c15483
_i75630
_d15483
_f2021-11-4
_g5
_lCCODEBUL1
_mBUL
_p58.00
_q1
_r0
_sY
_tBOOK
_u2017-2-6
_xSALUD
_zP22
_0COMPRA
_o.STAFF. Colección Ciencias de la Salud
999 _a617.14 C9
_wLC
_c2
_i75631
_d2018-4-15
_f2021-11-4
_g5
_lCCODEBUL1
_mBUL
_p58.00
_q1
_r0
_sY
_tBOOK
_u2017-2-6
_xSALUD
_zP22
_0COMPRA
_o.STAFF. Colección Ciencias de la Salud
999 _a617.14 C9
_wLC
_c3
_i78754
_f2021-11-4
_g5
_lCCODEBUL1
_mBUL
_p53.16
_r0
_sY
_tBOOK
_u2018-7-5
_xSALUD
_zP22
_0COMPRA
_1FCOMPRA
_o.STAFF. Colección Ciencias de la Salud
980 _81
_gALBERTO SANCHEZ Responsable de Automatización